00409 a2200097 4500001001000000005001700010008004100027245013600068100002400204773008300228ART_6020820260410162017.0260409a 10aDecreto de necesidad y urgencia 70/2023. Impugnaciones en el ámbito judicial: análisis, consideraciones y diagnóstico parcial1 aRoitman, Facundo J.0 tTemas de derecho administrativog- Año 9, N° 2/3 (feb./mar. 2024)wREV40468